01747nam a2200241Ia 4500001000600000003000900006008004100015040001300056040001300069041001300082100001300095100002900108245005300137245005300190250001100243260000900254260001200263260004900275300005700324500106600381650002701447650003101474G8512IT-RoPAU130308s9999 xx 000 0 und d aIT-RoPAU cIT-RoPAU aITALIANO aMora Teo gCodice Aut. SPICS: 21457 aStoria del cinema dell'orrore-3-Dal 1967 al 1978 bStoria del Cinema dell'Orrore-3-Dal 1967 al 1978 a1a ed. aROMA bFanucci c2003 [1° Ed.:2003 - Ed.Ling.Originale:2003] a"368 p. (prefazione: no ; testo: 368 [pagine: 0-0])" a"Il mostro e la Follia: L'Opera di Roy Ward Baker. nuove strade per L'Orrore: la Produzione Hammer (1968 1976). Ghost Stories And Black Comedies. Fucina dell'Orrore: la Produzione Aip (1967 1975). Assatanati e Morti Viventi: la Produzione Statunitense (1967 1978). Esorcismi made in Italy: Il Cinema Fantastico Italiano (1967 1978). Il dottor Moreau nell'Isola di Sangue: Il Cinema Filippino e cenni Sulla Produzione dell'Estremo Oriente. Il Licantropo contro Il dottor Orloff: Il Cinema Fantastico Spagnolo. L'Internazionalefantastica: Coproduzione Europea; vampiro ed Erotismo in Francia; Belgio: la Contessa Dracula a Marienbad; Germania: Thriller, feuilleton e torture; Canada e Sudafrica; Brasile e Argentina: Il barocco Mojica Marins; Messico:Vampiri, Mummie, Boris Karloff e supereroi del Catch. Conversazioni con Vincent Price, Roy Ward Baker e Michael Carreras. Statistiche Economiche Sul Cinema Fantastico. Schede Filmografiche dei principali Film Citati nel testo . Schede biografiche dei principali Attori e registi Citati nel testo . Bibliografia." aGENERI CINEMATOGRAFICI eCodice materia Spics: 6810